La vida amorosa de Madame de Pompadour / (Record no. 187304)

MARC details
000 -LEADER
campo de control de longitud fija 00799nam a2200205 i 4500
001 - NÚMERO DE CONTROL
campo de control 187304
003 - IDENTIFICADOR DE NÚMERO DE CONTROL
campo de control SpMaBN
005 - FECHA Y HORA DE LA ÚLTIMA TRANSACCIÓN
campo de control 20250929063307.0
008 - DATOS DE LONGITUD FIJA--INFORMACIÓN GENERAL
campo de control de longitud fija 170531s1926 sp |||| |bspa d
080 ## - NÚMERO DE LA CLASIFICACIÓN DECIMAL UNIVERSAL
Número de la Clasificación Decimal Universal 929 Pompadour, Jeanne Antoinette Poisson, Marquise de
100 1# - ENTRADA PRINCIPAL--NOMBRE DE PERSONA
Nombre de persona Tinayre, Marcelle,
Fechas asociadas al nombre 1872-1948
9 (RLIN) 38396
245 13 - MENCIÓN DEL TÍTULO
Título La vida amorosa de Madame de Pompadour /
Mención de responsabilidad, etc. Marcelle Tinayre ; traducción de Sofía González de Aguilar.
260 ## - PUBLICACIÓN, DISTRIBUCIÓN, ETC.
Lugar de publicación, distribución, etc. Madrid :
Nombre del editor, distribuidor, etc. Ibero-Africano-Americana,
Fecha de publicación, distribución, etc. 1926.
300 ## - DESCRIPCIÓN FÍSICA
Extensión 220 p. ;
Dimensiones 19 cm.
490 1# - MENCIÓN DE SERIE
Mención de serie Los amores
600 17 - PUNTO DE ACCESO ADICIONAL DE MATERIA--NOMBRE DE PERSONA
Nombre de persona Pompadour, Jeanne Antoinette Poisson
Títulos y otros términos asociados al nombre Marquise de.
9 (RLIN) 140340
830 0# - PUNTO DE ACCESO ADICIONAL DE SERIE-TÍTULO UNIFORME
Título uniforme Los amores
9 (RLIN) 225547
852 ## - LOCALIZACIÓN
Ubicación ES-MaACL
Número de control de estantería L-31653
Nota libre . - Donat. herederos de la bibl. de Mª del Pilar Costa Palacín
Holdings
Estatus retirado Estado de pérdida Estado de daño No para préstamo Biblioteca de origen Biblioteca actual Ubicación en estantería Fecha de adquisición Fuente de adquisición Total de préstamos Signatura topográfica completa Código de barras Visto por última vez Precio de reemplazo Tipo de ítem Koha
        Biblioteca del Ateneo de Madrid Biblioteca del Ateneo de Madrid Depósito 2 31/05/2017     L-31653 1197665 23/02/2023 23/02/2023 Libro impreso